Women in Indian Society (Record no. 4706)

MARC details
000 -LEADER
fixed length control field 00497cam a2200193ua 4500
008 - FIXED-LENGTH DATA ELEMENTS--GENERAL INFORMATION
fixed length control field 131004n ii |||gr||||Z||||||eng
020 ## - INTERNATIONAL STANDARD BOOK NUMBER
International Standard Book Number 81-237-3677-0
040 ## - CATALOGING SOURCE
Transcribing agency MAIN
082 ## - DEWEY DECIMAL CLASSIFICATION NUMBER
Classification number 305.4
100 1# - MAIN ENTRY--PERSONAL NAME
Personal name Deasi,Neera.,
Relator term
245 11 - TITLE STATEMENT
Title Women in Indian Society
Statement of responsibility, etc. by Neera Desai
260 ## - PUBLICATION, DISTRIBUTION, ETC.
Place of publication, distribution, etc. New Delhi:
Name of publisher, distributor, etc. National Book Trust,
Date of publication, distribution, etc. 2001.
300 ## - PHYSICAL DESCRIPTION
Extent ix,213p.
700 1# - ADDED ENTRY--PERSONAL NAME
Personal name Thakkar,Usha.,
Relator term
942 ## - ADDED ENTRY ELEMENTS (KOHA)
Koha item type Books
653 ## - INDEX TERM--UNCONTROLLED
Uncontrolled term Sociology
653 ## - INDEX TERM--UNCONTROLLED
Uncontrolled term Womein in Indian Society
Holdings
Withdrawn status Lost status Damaged status Not for loan Home library Current library Shelving location Date acquired Total Checkouts Full call number Barcode Date last seen Copy number Price effective from Koha item type
        Central Library, Naharkatiya College Central Library, Naharkatiya College General Stacks 19/09/2020   305.4 | DES 16205 31/10/2023 1 19/09/2020 Books

Naharkatiya College © 2020. All rights reserved.

Powered By